| 000 | 00773nam a2200217 a 4500 | ||
|---|---|---|---|
| 003 | BD-DhJNU | ||
| 005 | 20260422043943.0 | ||
| 008 | 260508s2016 bg |||g |||| 000 1|ben|d | ||
| 020 | _a8187624795 | ||
| 040 |
_aBD-DhJNU _bben _cBD-DhJNU _dBD-DhJNU |
||
| 041 | _aben | ||
| 082 |
_a792.01 DAN _223 |
||
| 100 | _aদত্ত, উৎপল | ||
| 245 | 1 | 0 |
_aনির্বাচিত প্রবন্ধ সংগ্রহ / _cউৎপল দত্ত |
| 246 | _aNirbachito probondho songroho | ||
| 260 |
_aকলকাতা : _bনাট্যচিন্তা, _c2016. |
||
| 300 |
_a২৩১ পৃ. : _bচিত্র ; _c২২ সেমি.। |
||
| 650 | _aথিয়েটার -- দর্শন | ||
| 650 | _aTheater -- Philosophy | ||
| 942 | _cBK | ||
| 999 |
_c2705 _d2705 |
||